000 00509nam a2200181Ia 4500
005 20260429112034.0
008 260429s9999||||xx |||||||||||||| ||und||
020 _a9781804892237
041 _aEnglish
082 _a337
_bBRO
100 _aBrooks, Xander
245 0 _aContemporary international economics /
_cXander Brooks
260 _aUnited Kingdom :
_bBrilliant Publication Ltd. ,
_c2025.
300 _ax, 286 p.; hb
650 _a Global trade
650 _aInternational economics
942 _cTB
999 _c52024
_d52024